000 00578nam a2200241 a 4500
001 nice12345678
003 IN_TiNIC
005 20260116012327.0
008 050524s1985 jaia grp 000 0 eng
020 _a
_c150
082 0 0 _a954.91
_bNAY
100 _aNayak, Pandav
245 _aPakistan Dilemmas of a Developing State
260 _aJaipur
_bAalekh Publisher
_c1985
300 _a244p
500 _aincludes index and biblioraphy
505 2 _areferences
650 _aPakistan
700 1 _aNayak, Pandav
902 _bSRS
942 _cBK
999 _c6573
_d6573